[Event "European Senior Teams Chess Championshi"]
[Site "Rogaska Slatina"]
[Date "2012.04.02"]
[Round "7.10"]
[White "Quinn, John M"]
[Black "Petersson, Gosta"]
[Result "1-0"]
[WhiteElo "2121"]
[BlackElo "2163"]
[PlyCount "51"]
[EventDate "2012.03.27"]
[WhiteTeam "ENG 2"]
[BlackTeam "SWE 1"]

1. d4 d5 2. c4 Bf5 3. cxd5 Bxb1 4. Qa4+ c6 5. dxc6 Nxc6 6. Rxb1 e5 7. Bd2 exd4
8. g3 Qd5 9. Nf3 d3 10. e4 Qd7 11. Bg2 Nf6 12. O-O Be7 13. Rfe1 Nb4 14. Qxd7+
Nxd7 15. Bxb4 Bxb4 16. Red1 d2 17. a3 Ba5 18. b4 Bd8 19. Rxd2 Nb6 20. Rc2 O-O
21. e5 Re8 22. Nd4 Rb8 23. f4 Nd5 24. Bxd5 Bb6 25. Kg2 Red8 26. Nf5 1-0

[Event "European Senior Teams Chess Championshi"]
[Site "Rogaska Slatina"]
[Date "2012.04.02"]
[Round "7.10"]
[White "Nyberg, Ulf"]
[Black "Reuben, Stewart"]
[Result "1-0"]
[WhiteElo "2140"]
[BlackElo "2115"]
[PlyCount "59"]
[EventDate "2012.03.27"]
[WhiteTeam "SWE 1"]
[BlackTeam "ENG 2"]

1. e4 c5 2. Nf3 Nc6 3. d4 cxd4 4. Nxd4 g6 5. Nc3 Bg7 6. Be3 Nf6 7. Bc4 O-O 8.
Bb3 a6 9. f3 Qc7 10. Qd2 b5 11. O-O-O Bb7 12. h4 Na5 13. h5 Nxb3+ 14. axb3 b4
15. Na4 e5 16. h6 Bh8 17. Nf5 gxf5 18. Bb6 Nxe4 19. fxe4 Qc6 20. exf5 Qf6 21.
Rh3 Rfc8 22. Bc5 Rxc5 23. Nxc5 Bc6 24. Rg3+ Kf8 25. Qxb4 d6 26. Ne6+ fxe6 27.
Qxd6+ Qe7 28. Qxc6 Re8 29. fxe6 Bf6 30. Rf1 1-0

[Event "European Senior Teams Chess Championshi"]
[Site "Rogaska Slatina"]
[Date "2012.04.02"]
[Round "7.11"]
[White "Giulian, Philip M"]
[Black "Huebner, Wolfgang"]
[Result "1-0"]
[WhiteElo "2290"]
[BlackElo "2188"]
[PlyCount "97"]
[EventDate "2012.03.27"]
[WhiteTeam "SCO 1"]
[BlackTeam "GER - MATTADORE"]

1. d4 d5 2. c4 e6 3. Nc3 Nf6 4. cxd5 Nxd5 5. e4 Nxc3 6. bxc3 c5 7. a3 cxd4 8.
cxd4 Nc6 9. Nf3 Bd6 10. Bd3 O-O 11. O-O e5 12. d5 Ne7 13. Nd2 f5 14. exf5 Bxf5
15. Bxf5 Nxf5 16. Ne4 Qe7 17. a4 Rad8 18. Bg5 Qd7 19. Bxd8 Qxd8 20. Rb1 b6 21.
Qd3 h6 22. Rfe1 Nd4 23. Nxd6 Qxd6 24. Qe4 Rd8 25. Qxe5 Qxd5 26. Qxd5+ Rxd5 27.
Rbd1 Ne2+ 28. Kf1 Rxd1 29. Rxd1 Nc3 30. Rd8+ Kh7 31. Rd4 Kg6 32. Ke1 Kf5 33.
Rd7 a5 34. Rxg7 Nxa4 35. Rh7 Nc3 36. Rxh6 b5 37. Kd2 Nd5 38. Ra6 a4 39. Ra5 Nc7
40. h4 Kg4 41. g3 Kf5 42. f3 Kg6 43. g4 Kf6 44. Kd3 Ke5 45. h5 Kf6 46. Ke4 Ne8
47. Kf4 Nd6 48. Ra6 Ke7 49. Rxd6 1-0

[Event "European Senior Teams Chess Championshi"]
[Site "Rogaska Slatina"]
[Date "2012.04.02"]
[Round "7.11"]
[White "Krebs, Dietmar"]
[Black "Jamieson, Peter M"]
[Result "1/2-1/2"]
[WhiteElo "2114"]
[BlackElo "2251"]
[PlyCount "62"]
[EventDate "2012.03.27"]
[WhiteTeam "GER - MATTADORE"]
[BlackTeam "SCO 1"]

1. e4 g6 2. d4 d6 3. Nc3 c6 4. f4 d5 5. e5 h5 6. Nf3 Nh6 7. Bd3 Bf5 8. O-O e6
9. h3 Be7 10. Be3 Nd7 11. a3 Bxd3 12. Qxd3 Nf5 13. Bf2 h4 14. Na4 g5 15. Nxg5
Bxg5 16. fxg5 Qxg5 17. Rad1 O-O-O 18. Qd2 Rdg8 19. Qxg5 Rxg5 20. Kh2 f6 21.
exf6 Nxf6 22. Nc5 Nh5 23. Nxe6 Rg6 24. Rde1 Rhg8 25. Rg1 Nhg3 26. Bxg3 Nxg3 27.
Nf4 Rf6 28. Nd3 Rgf8 29. c3 Nf1+ 30. Kh1 Ng3+ 31. Kh2 Nf1+ 1/2-1/2

[Event "European Senior Teams Chess Championshi"]
[Site "Rogaska Slatina"]
[Date "2012.04.02"]
[Round "7.12"]
[White "Olesen, Poul Erik Norgaard"]
[Black "Ahlers, Ben"]
[Result "1-0"]
[WhiteElo "2052"]
[BlackElo "2116"]
[PlyCount "59"]
[EventDate "2012.03.27"]
[WhiteTeam "DEN 2"]
[BlackTeam "NED - DIS.DIS."]

1. e4 e6 2. d4 d5 3. Nc3 Bb4 4. Bd2 Bxc3 5. Bxc3 dxe4 6. Qg4 Nf6 7. Qxg7 Rg8 8.
Qh6 Nc6 9. O-O-O Rg6 10. Qd2 Ne7 11. Ne2 Ned5 12. Nf4 Nxf4 13. Qxf4 Bd7 14. g3
Bc6 15. Bg2 Qe7 16. Rhe1 O-O-O 17. Qh4 Rd5 18. Qf4 Rf5 19. Qd2 Ng4 20. Re2 Nf6
21. Bb4 Qd7 22. c4 b6 23. Bc3 Kb8 24. d5 exd5 25. Bxf6 Rgxf6 26. Bh3 Rd6 27.
Qd4 Kb7 28. Qg7 Ba4 29. b3 dxc4 30. Rxd6 1-0

[Event "European Senior Teams Chess Championshi"]
[Site "Rogaska Slatina"]
[Date "2012.04.02"]
[Round "7.12"]
[White "Happel, Henk"]
[Black "Jorgensen, Arne Bjorn"]
[Result "1/2-1/2"]
[WhiteElo "2129"]
[BlackElo "1991"]
[PlyCount "107"]
[EventDate "2012.03.27"]
[WhiteTeam "NED - DIS.DIS."]
[BlackTeam "DEN 2"]

1. d4 Nf6 2. c4 c5 3. d5 e5 4. Nc3 d6 5. e4 Be7 6. g3 O-O 7. Bg2 Na6 8. Nge2
Nc7 9. O-O Rb8 10. a4 b6 11. Rb1 a6 12. b4 Bd7 13. b5 axb5 14. axb5 Nfe8 15.
Qc2 f5 16. exf5 Bxf5 17. Be4 g6 18. f3 Ng7 19. g4 Bd7 20. Ra1 Ra8 21. Rxa8 Nxa8
22. Be3 Bg5 23. Bf2 Qf6 24. Ng3 Bf4 25. Nce2 Nc7 26. Ra1 Ra8 27. Rxa8+ Nxa8 28.
Qa4 Qd8 29. Qa7 Bd2 30. Qa2 Ba5 31. Qc2 Nc7 32. Be3 Nce8 33. Nc1 Be1 34. Nd3
Bxg3 35. hxg3 Qa8 36. Nb2 Qa1+ 37. Kg2 Nf6 38. Bd3 e4 39. fxe4 Nxg4 40. Bf4 Nh5
41. Qb1 Qa5 42. Kf3 Nh2+ 43. Ke3 Ng4+ 44. Kf3 Nxf4 45. gxf4 Qd2 46. f5 Ne5+ 47.
Kg3 Qe3+ 48. Kg2 Qf3+ 49. Kg1 Qe3+ 50. Kg2 Qd2+ 51. Kg3 Qe3+ 52. Kg2 Qd2+ 53.
Kg3 Qe3+ 54. Kg2 1/2-1/2

[Event "European Senior Teams Chess Championshi"]
[Site "Rogaska Slatina"]
[Date "2012.04.02"]
[Round "7.13"]
[White "Jongsma, Alexander"]
[Black "Jones, Iolo C"]
[Result "0-1"]
[WhiteElo "2193"]
[BlackElo "2246"]
[PlyCount "80"]
[EventDate "2012.03.27"]
[WhiteTeam "NED - VAS"]
[BlackTeam "WLS"]

1. e4 e5 2. Nf3 Nf6 3. Nxe5 d6 4. Nc4 Nxe4 5. Nc3 Nxc3 6. dxc3 Be7 7. Bf4 O-O
8. Qd2 Be6 9. Ne3 d5 10. O-O-O c6 11. c4 dxc4 12. Bxc4 Qc8 13. Qc3 b5 14. Bb3
Bf6 15. Qd3 a5 16. Bd6 Re8 17. c4 b4 18. Bc2 g6 19. f4 Qa6 20. f5 Bc8 21. Ng4
Bg5+ 22. Kb1 Bxf5 23. Qd4 c5 24. Qd5 Bxg4 25. Qxg5 Bxd1 26. Rxd1 Nc6 27. Ba4
Rac8 28. Bb5 Qb7 29. Qd5 Re6 30. Bxc5 Qc7 31. Bd6 Qb6 32. Bc5 Qb7 33. h4 Rd8
34. Qf3 Rxd1+ 35. Qxd1 Qc7 36. Qf3 Qe5 37. Bf2 Nd4 38. Qa8+ Kg7 39. Qd5 Nxb5
40. Qxb5 Qe4+ 0-1

[Event "European Senior Teams Chess Championshi"]
[Site "Rogaska Slatina"]
[Date "2012.04.02"]
[Round "7.13"]
[White "Thornton, John D"]
[Black "Ghijsen, Pim"]
[Result "1/2-1/2"]
[WhiteElo "2036"]
[BlackElo "2191"]
[PlyCount "53"]
[EventDate "2012.03.27"]
[WhiteTeam "WLS"]
[BlackTeam "NED - VAS"]

1. c4 Nf6 2. g3 g6 3. Bg2 Bg7 4. Nc3 O-O 5. e4 d6 6. Nge2 e5 7. O-O Be6 8. d3
Nc6 9. Nd5 Qd7 10. Bh6 Ne8 11. Bxg7 Kxg7 12. f4 Bg4 13. Ne3 Bxe2 14. Qxe2 Nd4
15. Qd2 c6 16. f5 f6 17. fxg6 hxg6 18. Rf2 Nc7 19. Raf1 Rf7 20. h4 Rh8 21. Nc2
Nxc2 22. Qxc2 Rff8 23. Rf3 Qe7 24. Qf2 a6 25. Bh3 Ne6 26. Bxe6 Qxe6 27. b3
1/2-1/2

[Event "European Senior Teams Chess Championshi"]
[Site "Rogaska Slatina"]
[Date "2012.04.02"]
[Round "7.13"]
[White "Van Oosten, Arend"]
[Black "Miles, Richard"]
[Result "1/2-1/2"]
[WhiteElo "2186"]
[BlackElo "2083"]
[PlyCount "36"]
[EventDate "2012.03.27"]
[WhiteTeam "NED - VAS"]
[BlackTeam "WLS"]

1. e4 c5 2. Nc3 a6 3. a4 Nc6 4. g3 g6 5. Bg2 Bg7 6. d3 d6 7. Nge2 e6 8. O-O
Nge7 9. Be3 Nd4 10. Nf4 O-O 11. h4 Rb8 12. Rb1 b5 13. axb5 axb5 14. Nce2 b4 15.
c3 bxc3 16. bxc3 Rxb1 17. Qxb1 Nxe2+ 18. Nxe2 Ba6 1/2-1/2

[Event "European Senior Teams Chess Championshi"]
[Site "Rogaska Slatina"]
[Date "2012.04.02"]
[Round "7.13"]
[White "Gilbert, Colin"]
[Black "Van Dongen, Rob"]
[Result "0-1"]
[WhiteElo "1795"]
[BlackElo "1968"]
[PlyCount "52"]
[EventDate "2012.03.27"]
[WhiteTeam "WLS"]
[BlackTeam "NED - VAS"]

1. d4 Nf6 2. c4 d6 3. Nf3 Nbd7 4. Nc3 e5 5. Bg5 Be7 6. e3 O-O 7. Qc2 c6 8. Bd3
h6 9. h4 Re8 10. dxe5 dxe5 11. Bxf6 Bxf6 12. O-O-O Qe7 13. g4 Nc5 14. Bh7+ Kh8
15. g5 Bg4 16. gxf6 Qxf6 17. Ne4 Nxe4 18. Bxe4 Bxf3 19. Bxf3 Qxf3 20. Rhg1 Rad8
21. Rdf1 Re7 22. Rg3 Qf6 23. h5 Red7 24. Qe4 Rd2 25. c5 Rxf2 26. Rd1 Rxd1+ 0-1

[Event "European Senior Teams Chess Championshi"]
[Site "Rogaska Slatina"]
[Date "2012.04.02"]
[Round "7.14"]
[White "Biller, Helmut Dr"]
[Black "Van Geffen, Ben"]
[Result "1/2-1/2"]
[WhiteElo "2103"]
[BlackElo "2113"]
[PlyCount "42"]
[EventDate "2012.03.27"]
[WhiteTeam "GER - OBERURSEL"]
[BlackTeam "NED - ORANJE"]

1. d4 Nf6 2. Nf3 c5 3. c4 cxd4 4. Nxd4 e5 5. Nb5 d5 6. cxd5 Bc5 7. e3 O-O 8.
Bc4 e4 9. N5c3 Bf5 10. Nd2 a6 11. a3 Nbd7 12. b4 Bd6 13. Bb2 Ne5 14. Qb3 Rc8
15. Be2 Re8 16. O-O-O Nd3+ 17. Bxd3 exd3 18. h3 Be5 19. Kb1 Bxc3 20. Bxc3 Nxd5
21. Rc1 Nxc3+ 1/2-1/2

[Event "European Senior Teams Chess Championshi"]
[Site "Rogaska Slatina"]
[Date "2012.04.02"]
[Round "7.14"]
[White "Mostertman, Loek"]
[Black "Falk, Thomas"]
[Result "1/2-1/2"]
[WhiteElo "2058"]
[BlackElo "2132"]
[PlyCount "136"]
[EventDate "2012.03.27"]
[WhiteTeam "NED - ORANJE"]
[BlackTeam "GER - OBERURSEL"]

1. e4 e5 2. Nf3 Nc6 3. Bb5 a6 4. Ba4 Nf6 5. Qe2 Be7 6. c3 b5 7. Bc2 O-O 8. d4
d6 9. h3 Bb7 10. Nbd2 Re8 11. O-O Bf8 12. Rd1 Qe7 13. d5 Nb8 14. a4 bxa4 15.
Bxa4 Rc8 16. Nc4 a5 17. Bb5 c6 18. dxc6 Bxc6 19. Nxd6 Rd8 20. Nf5 Rxd1+ 21.
Qxd1 Qc5 22. Bxc6 Qxc6 23. Qd8 Qb7 24. Rxa5 Rxa5 25. Qxa5 Qxe4 26. Qxe5 Qb1 27.
Qxb8 Qxc1+ 28. Kh2 g6 29. Ng3 Nd5 30. b4 Qxc3 31. b5 Qb2 32. Ne5 Kg7 33. Nd7
Be7 34. Qe5+ Qxe5 35. Nxe5 Nb6 36. Ne4 f5 37. Nd2 Bd6 38. f4 g5 39. g3 gxf4 40.
gxf4 Kf6 41. Ndf3 Ke6 42. Ng5+ Kd5 43. Nxh7 Kc5 44. h4 Nd5 45. Kg3 Kxb5 46. h5
Kc5 47. h6 Kd4 48. Ng5 Nf6 49. Ng6 Ke3 50. h7 Bxf4+ 51. Nxf4 Nxh7 52. Nxh7 Ke4
53. Ng5+ Ke5 54. Kf3 Kf6 55. Ngh3 Ke5 56. Ke3 Kd6 57. Kd4 Kc6 58. Ng5 Kd6 59.
Nf7+ Kc6 60. Ne5+ Kd6 61. Nc4+ Kc6 62. Nd3 f4 63. Nde5+ Kb5 64. Nd6+ Kb4 65.
Nc6+ Kb3 66. Ne4 f3 67. Nf2 Ka4 68. Kc4 Ka3 1/2-1/2

[Event "European Senior Teams Chess Championshi"]
[Site "Rogaska Slatina"]
[Date "2012.04.02"]
[Round "7.14"]
[White "Thieme, Hans"]
[Black "Arp, Frans"]
[Result "0-1"]
[WhiteElo "2075"]
[BlackElo "2070"]
[PlyCount "114"]
[EventDate "2012.03.27"]
[WhiteTeam "GER - OBERURSEL"]
[BlackTeam "NED - ORANJE"]

1. Nf3 Nf6 2. c4 g6 3. b4 Bg7 4. Bb2 O-O 5. d3 d5 6. Na3 c5 7. bxc5 Qa5+ 8. Qd2
Qxc5 9. g3 Nc6 10. Bg2 dxc4 11. Rc1 Ng4 12. d4 Qh5 13. Rxc4 Rd8 14. Qc2 Be6 15.
Rc5 Rd5 16. h3 Rxc5 17. dxc5 Nb4 18. Qd2 Nxf2 19. Bxg7 Nxh1 20. Qxb4 Kxg7 21.
Bxh1 Qxh3 22. Qd4+ f6 23. Qg1 Qh6 24. e3 Rd8 25. Nc2 Bxa2 26. Nfd4 e5 27. Nb5
Bb3 28. Nba3 Qh5 29. g4 Qh4+ 30. Ke2 Rd7 31. c6 bxc6 32. Bxc6 Rc7 33. Qg2 a5
34. Nb5 Bc4+ 35. Kd2 Bxb5 36. Bxb5 h5 37. gxh5 Qxh5 38. Na3 Qh4 39. Nc2 f5 40.
Bd3 e4 41. Bb5 Qe7 42. Qg3 Rxc2+ 43. Kxc2 Qc5+ 44. Kd2 Qxb5 45. Qc7+ Kf6 46.
Qd6+ Kf7 47. Qc7+ Ke8 48. Qc8+ Ke7 49. Ke1 a4 50. Kf2 a3 51. Qc7+ Qd7 52. Qc5+
Qd6 53. Qa7+ Kf6 54. Qa8 a2 55. Kg2 Qd2+ 56. Kg3 Qxe3+ 57. Kh4 g5+ 0-1

[Event "European Senior Teams Chess Championshi"]
[Site "Rogaska Slatina"]
[Date "2012.04.02"]
[Round "7.14"]
[White "Montsma, Foppe-Jan"]
[Black "Escher, Helmut"]
[Result "0-1"]
[WhiteElo "1949"]
[BlackElo "2120"]
[PlyCount "65"]
[EventDate "2012.03.27"]
[WhiteTeam "NED - ORANJE"]
[BlackTeam "GER - OBERURSEL"]

1. d4 Nf6 2. Nf3 g6 3. Bf4 Bg7 4. e3 O-O 5. Be2 d6 6. O-O Nbd7 7. h3 Re8 8. Bh2
e5 9. dxe5 dxe5 10. Nxe5 Ne4 11. Nxf7 Kxf7 12. Bc4+ Kf8 13. Qd5 Qf6 14. Bxc7
Nb6 15. Bxb6 axb6 16. Nd2 Nxd2 17. Qxd2 Rd8 18. Qb4+ Qd6 19. Qb3 Ke7 20. Rad1
Qxd1 21. Rxd1 Rxd1+ 22. Kh2 Rd6 23. Qb4 Be6 24. Bxe6 Kxe6 25. Qe4+ Kf6 26. Qf4+
Ke7 27. Qe4+ Kf8 28. Qxb7 Rxa2 29. Qc8+ Ke7 30. Qb7+ Rd7 31. Qe4+ Kd8 32. Qh4+
Re7 33. Qf4 0-1

[Event "European Senior Teams Chess Championshi"]
[Site "Rogaska Slatina"]
[Date "2012.04.02"]
[Round "7.15"]
[White "Dogantug, Ahmet Ismail"]
[Black "Svensson, Leif 1940"]
[Result "1/2-1/2"]
[WhiteElo "2155"]
[BlackElo "2129"]
[PlyCount "68"]
[EventDate "2012.03.27"]
[WhiteTeam "TUR"]
[BlackTeam "SWE 2"]

1. e4 Nf6 2. e5 Nd5 3. d4 d6 4. c4 Nb6 5. exd6 cxd6 6. Nc3 g6 7. Nf3 Bg7 8. Be2
O-O 9. Be3 Nc6 10. Rc1 Bg4 11. d5 Bxf3 12. Bxf3 Ne5 13. b3 Nxf3+ 14. Qxf3 Nd7
15. O-O Ne5 16. Qe2 f5 17. f3 Qa5 18. Qd2 a6 19. Rfe1 Rae8 20. Re2 e6 21. Kf2
b5 22. cxb5 axb5 23. dxe6 b4 24. Nd5 Rxe6 25. Nf4 Ree8 26. Kg1 g5 27. Nd3 f4
28. Bf2 Qb5 29. Nxe5 Bxe5 30. Rc4 Bc3 31. Qd3 Rxe2 32. Qxe2 Qf5 33. h3 Qf7 34.
Re4 d5 1/2-1/2

[Event "European Senior Teams Chess Championshi"]
[Site "Rogaska Slatina"]
[Date "2012.04.02"]
[Round "7.15"]
[White "Hallerod, Ralph"]
[Black "Pekun, Cem"]
[Result "0-1"]
[WhiteElo "2102"]
[BlackElo "2127"]
[PlyCount "74"]
[EventDate "2012.03.27"]
[WhiteTeam "SWE 2"]
[BlackTeam "TUR"]

1. d4 c5 2. d5 Nf6 3. Nc3 a6 4. e4 d6 5. a4 g6 6. Be2 Bg7 7. Be3 O-O 8. Qd2 e6
9. dxe6 Bxe6 10. Rd1 Qa5 11. Bf3 Nc6 12. Qxd6 Nd4 13. Bxd4 cxd4 14. Rxd4 Rfd8
15. Qb4 Qg5 16. Nge2 Nd7 17. h4 Qh6 18. Rd1 Ne5 19. Qb6 Rxd1+ 20. Nxd1 Nc4 21.
Qb4 a5 22. g4 axb4 23. g5 Qh5 24. Bxh5 gxh5 25. b3 Nd6 26. f3 b5 27. axb5 Nxb5
28. Kd2 Ra2 29. Ne3 Nd4 30. Nxd4 Bxd4 31. Nf5 Be5 32. Kd3 Ra7 33. Ke3 Rc7 34.
Rd1 Rc3+ 35. Rd3 Rxd3+ 36. Kxd3 Bxf5 37. exf5 Bg3 0-1

[Event "European Senior Teams Chess Championshi"]
[Site "Rogaska Slatina"]
[Date "2012.04.02"]
[Round "7.15"]
[White "Svensson, Soren"]
[Black "Kayaman, Metin"]
[Result "0-1"]
[WhiteElo "2062"]
[BlackElo "1938"]
[PlyCount "102"]
[EventDate "2012.03.27"]
[WhiteTeam "SWE 2"]
[BlackTeam "TUR"]

1. d4 Nf6 2. c4 e6 3. Nf3 d5 4. Nc3 Be7 5. e3 Nbd7 6. Bd3 O-O 7. O-O b6 8. b3
Bb7 9. Bb2 Ne4 10. Qe2 f5 11. Rac1 c5 12. Rfd1 Ndf6 13. Bb1 Nxc3 14. Bxc3 Ne4
15. Bb2 Qe8 16. Ne5 dxc4 17. bxc4 Rd8 18. Bc2 Bd6 19. f3 Bxe5 20. dxe5 Ng5 21.
Rxd8 Qxd8 22. Rd1 Qc8 23. Qd3 Nf7 24. Kf2 Rd8 25. Qe2 Rxd1 26. Qxd1 Qc7 27. Ba4
Ba6 28. Bb3 h6 29. f4 g5 30. h3 Kg7 31. Bc1 Qc6 32. Qf3 Qd7 33. Qe2 Kg6 34. Bc2
gxf4 35. exf4 Qd4+ 36. Be3 Qxc4 37. Qd1 Qxa2 38. Kg1 Bb7 39. g4 Kg7 40. gxf5
exf5 41. Bf2 Qe6 42. Kh2 Qg6 43. Bg3 Qe6 44. Bh4 Kf8 45. Bf6 Qa2 46. Kg3 Bc6
47. Kh4 Qc4 48. Bxf5 Qxf4+ 49. Bg4 h5 50. Qd3 hxg4 51. Qg6 g3+ 0-1

[Event "European Senior Teams Chess Championshi"]
[Site "Rogaska Slatina"]
[Date "2012.04.02"]
[Round "7.16"]
[White "Pesec, Franc"]
[Black "Liebert, Heinz"]
[Result "1/2-1/2"]
[WhiteElo "2116"]
[BlackElo "2251"]
[PlyCount "42"]
[EventDate "2012.03.27"]
[WhiteTeam "SLO - CELJE"]
[BlackTeam "GER - CACHSEN-ANGALT"]

1. e4 d5 2. exd5 Nf6 3. d4 Nxd5 4. Bc4 c6 5. Ne2 g6 6. Bb3 Bg7 7. c4 Nf6 8.
Nbc3 O-O 9. h3 Nbd7 10. O-O e5 11. Be3 exd4 12. Nxd4 Qa5 13. Qd2 Nc5 14. Bh6
Nce4 15. Nxe4 Qxd2 16. Bxd2 Nxe4 17. Be3 c5 18. Ne2 b6 19. Bc2 Bb7 20. Rad1
Rad8 21. f3 Nd6 1/2-1/2

[Event "European Senior Teams Chess Championshi"]
[Site "Rogaska Slatina"]
[Date "2012.04.02"]
[Round "7.16"]
[White "Liebscher, Helmar"]
[Black "Djurkovic, Maks"]
[Result "0-1"]
[WhiteElo "2093"]
[BlackElo "2130"]
[PlyCount "82"]
[EventDate "2012.03.27"]
[WhiteTeam "GER - CACHSEN-ANGALT"]
[BlackTeam "SLO - CELJE"]

1. e4 d6 2. d4 e5 3. c3 c6 4. Nf3 Qc7 5. Bd3 Bg4 6. h3 Bh5 7. Be3 Be7 8. Nbd2
Nd7 9. Qc2 Ngf6 10. g4 Bg6 11. g5 Nh5 12. Nh4 Nf4 13. Bxf4 exf4 14. Ndf3 c5 15.
Qd2 c4 16. Bc2 d5 17. Nxg6 fxg6 18. e5 O-O 19. h4 b5 20. Ke2 Qb6 21. Rag1 Rf7
22. h5 Nf8 23. Rg4 gxh5 24. Rxf4 Rxf4 25. Qxf4 g6 26. Rg1 Ne6 27. Qe3 Rf8 28.
Rg3 Rf4 29. Ne1 Qd8 30. Ng2 Bxg5 31. Nxf4 Bxf4 32. Qf3 Bxg3 33. fxg3 Ng5 34.
Qf4 Qe7 35. b3 Kg7 36. bxc4 bxc4 37. Ba4 Ne4 38. Bc6 Nxc3+ 39. Kd2 Ne4+ 40. Ke3
g5 41. Qf5 Qa3+ 0-1

[Event "European Senior Teams Chess Championshi"]
[Site "Rogaska Slatina"]
[Date "2012.04.02"]
[Round "7.16"]
[White "Reinemann, Guenter Dr"]
[Black "Streicher, Zvonko"]
[Result "1-0"]
[WhiteElo "2011"]
[BlackElo "2062"]
[PlyCount "55"]
[EventDate "2012.03.27"]
[WhiteTeam "GER - CACHSEN-ANGALT"]
[BlackTeam "SLO - CELJE"]

1. e4 d6 2. d4 Nf6 3. Nc3 g6 4. Be3 Bg7 5. Bc4 O-O 6. f3 c6 7. Bb3 Qc7 8. Nge2
Nbd7 9. O-O a6 10. a4 e5 11. dxe5 dxe5 12. Qe1 Re8 13. Qf2 Nf8 14. Bb6 Qb8 15.
Rad1 Be6 16. Bxe6 Nxe6 17. Rd3 Bf8 18. Rfd1 Be7 19. a5 Bd8 20. Na4 Bc7 21. g3
h5 22. Kg2 g5 23. Nc5 Bxb6 24. axb6 Nxc5 25. Qxc5 Qc8 26. Qe3 Qe6 27. Rd6 Qc4
28. Rxf6 1-0

[Event "European Senior Teams Chess Championshi"]
[Site "Rogaska Slatina"]
[Date "2012.04.02"]
[Round "7.17"]
[White "Steedman, James"]
[Black "Lahti, Jouko"]
[Result "1-0"]
[WhiteElo "2129"]
[BlackElo "2016"]
[PlyCount "89"]
[EventDate "2012.03.27"]
[WhiteTeam "NOR 2"]
[BlackTeam "FIN 2"]

1. d4 f5 2. Bg5 g6 3. h4 h6 4. Bf4 Bg7 5. Nf3 d6 6. e3 Be6 7. c4 Bf7 8. Qb3 Qc8
9. Nc3 Nf6 10. Bd3 c6 11. O-O O-O 12. e4 Nh5 13. Bh2 f4 14. e5 b6 15. Qc2 Qg4
16. Rae1 Kh7 17. Re2 Na6 18. Qa4 Nc7 19. Qxc6 Rac8 20. Qb7 Ne6 21. b4 Rc7 22.
Qe4 dxe5 23. dxe5 Rd8 24. Nd5 Rcd7 25. Bb1 Nc7 26. Nxf4 Nxf4 27. Bxf4 Ne6 28.
Bg3 Qxe4 29. Rxe4 Nd4 30. Nxd4 Rxd4 31. Rxd4 Rxd4 32. Rc1 Bxc4 33. h5 b5 34.
Bxg6+ Kg8 35. a3 Rd2 36. Rc2 Rd1+ 37. Kh2 Re1 38. f4 Re3 39. a4 a6 40. axb5
axb5 41. Bf2 Ra3 42. Rd2 Ra8 43. Rd7 Bf8 44. Bc5 Be6 45. Rd2 1-0

[Event "European Senior Teams Chess Championshi"]
[Site "Rogaska Slatina"]
[Date "2012.04.02"]
[Round "7.17"]
[White "Lyly, Seppo"]
[Black "Hauge, Tor Arne"]
[Result "0-1"]
[WhiteElo "1939"]
[BlackElo "2124"]
[PlyCount "32"]
[EventDate "2012.03.27"]
[WhiteTeam "FIN 2"]
[BlackTeam "NOR 2"]

1. e4 c6 2. d4 d5 3. exd5 cxd5 4. c4 Nf6 5. Nc3 Nc6 6. Bg5 Be6 7. Nf3 g6 8.
Bxf6 exf6 9. Be2 Bg7 10. O-O O-O 11. c5 f5 12. a3 Qf6 13. Qb3 Nxd4 14. Qxb7
Rfb8 15. Qa6 Rxb2 16. Rac1 Nb3 0-1

[Event "European Senior Teams Chess Championshi"]
[Site "Rogaska Slatina"]
[Date "2012.04.02"]
[Round "7.17"]
[White "Taksrud, Vidar"]
[Black "Auvinen, Esa"]
[Result "1-0"]
[WhiteElo "2075"]
[BlackElo "1961"]
[PlyCount "95"]
[EventDate "2012.03.27"]
[WhiteTeam "NOR 2"]
[BlackTeam "FIN 2"]

1. Nf3 d5 2. d4 Nf6 3. g3 e6 4. Bg2 Be7 5. O-O b6 6. c4 Bb7 7. Nc3 O-O 8. Ne5
Nbd7 9. Qa4 Nxe5 10. dxe5 Ne4 11. Nxe4 dxe4 12. Rd1 Qe8 13. Qc2 Rd8 14. Be3 Qc6
15. Rac1 Ba8 16. a3 Rxd1+ 17. Rxd1 Rd8 18. Rxd8+ Bxd8 19. b4 Be7 20. b5 Qb7 21.
a4 c5 22. h4 h6 23. Bd2 a5 24. Bc3 Bf8 25. h5 Be7 26. Kh2 Bg5 27. Qb1 Be7 28.
Kh3 Bg5 29. Qh1 Be7 30. f4 f5 31. exf6 gxf6 32. g4 Kf7 33. Kg3 Bf8 34. Kf2 f5
35. Ke3 Qd7 36. Bh3 Bg7 37. Bxg7 Kxg7 38. Qa1+ Kf7 39. gxf5 exf5 40. Qe5 Qd1
41. Qxf5+ Ke7 42. Qe5+ Kd8 43. Qb8+ Ke7 44. Qa7+ Kf6 45. Qxb6+ Kf7 46. Qc7+ Ke8
47. Qc8+ Kf7 48. Qd7+ 1-0

[Event "European Senior Teams Chess Championshi"]
[Site "Rogaska Slatina"]
[Date "2012.04.02"]
[Round "7.18"]
[White "Danner, Lambert"]
[Black "Scholes, James E"]
[Result "1-0"]
[WhiteElo "2090"]
[BlackElo "2100"]
[PlyCount "119"]
[EventDate "2012.03.27"]
[WhiteTeam "AUT - WIEN 2"]
[BlackTeam "ENG 3"]

1. g3 c5 2. f4 g6 3. Nf3 Bg7 4. Bg2 Nc6 5. d3 d6 6. c3 e6 7. e4 Nge7 8. Be3 b6
9. O-O d5 10. Qc2 O-O 11. Rd1 Bb7 12. Nbd2 Rc8 13. Bf2 Qc7 14. e5 Qd7 15. d4 c4
16. Nf1 a6 17. Ne3 b5 18. a3 Nf5 19. Bh3 f6 20. exf6 Bxf6 21. Ng4 Bg7 22. Re1
Rce8 23. Re2 Re7 24. Rae1 Bc8 25. Be3 Qc7 26. Bc1 Rfe8 27. Nfe5 Nxe5 28. fxe5
Rf7 29. Bg5 Ref8 30. Bf6 h5 31. Bxg7 Kxg7 32. Nf6 Nh6 33. Rg2 Ng8 34. g4 h4 35.
g5 Ne7 36. Qf2 Rh8 37. Rg4 Nf5 38. Rf4 Rff8 39. Bxf5 gxf5 40. Rxh4 Qf7 41. Kh1
Rxh4 42. Qxh4 Rh8 43. Qg3 Qg6 44. Qf4 Rh3 45. Kg2 Rh5 46. Nxh5+ Qxh5 47. Kg3
Bd7 48. h4 Be8 49. Rg1 Bg6 50. Kf2 Kf7 51. Rh1 Ke7 52. Qf3 Kf7 53. Qxh5 Bxh5
54. a4 f4 55. axb5 axb5 56. Ra1 Kg6 57. Ra8 Kf5 58. Rf8+ Ke4 59. Rf6 Kd3 60. g6
1-0

[Event "European Senior Teams Chess Championshi"]
[Site "Rogaska Slatina"]
[Date "2012.04.02"]
[Round "7.18"]
[White "Teichmeister, Sven"]
[Black "Scowen, Roger S"]
[Result "1-0"]
[WhiteElo "2039"]
[BlackElo "1943"]
[PlyCount "113"]
[EventDate "2012.03.27"]
[WhiteTeam "AUT - WIEN 2"]
[BlackTeam "ENG 3"]

1. e4 e5 2. Nf3 Nc6 3. d4 exd4 4. Bc4 Be7 5. c3 Bf6 6. cxd4 d6 7. h3 Nge7 8.
Nc3 O-O 9. O-O g6 10. Bh6 Bg7 11. Qd2 Na5 12. Bd3 Nac6 13. Bxg7 Kxg7 14. Rfe1
d5 15. e5 Bf5 16. Bxf5 Nxf5 17. Qf4 f6 18. e6 Nce7 19. Rac1 c6 20. g4 Nd6 21.
Na4 Rc8 22. Rc2 b6 23. Nd2 Nb5 24. b4 Qc7 25. Qe3 Qd6 26. a3 f5 27. g5 f4 28.
Qd3 Nc7 29. Nf3 Rce8 30. Qe2 Nf5 31. Qe5+ Qxe5 32. Rxe5 Nxe6 33. Rxc6 Nexd4 34.
Nxd4 Nxd4 35. Rc7+ Rf7 36. Rxf7+ Kxf7 37. Rxd5 Nf3+ 38. Kg2 Ke6 39. Rd1 Nxg5
40. h4 Nf7 41. Kf3 Kf5 42. Nc3 Ne5+ 43. Kg2 Kg4 44. Nd5 f3+ 45. Kg1 Kxh4 46.
Re1 Kg5 47. Nc7 Rc8 48. Rxe5+ Kf6 49. Re6+ Kg5 50. Rc6 Kh4 51. Rc3 g5 52. Kh2
g4 53. Nd5 Rd8 54. Rd3 Kg5 55. Nf4 Re8 56. Kg3 h5 57. Rd5+ 1-0